| Поле | Название | Значение |
| |
Тип записи |
a |
| |
Библиографический уровень |
m |
| 001 |
Контрольный номер |
59b278c5710f4b378a23f10af60ff7c9 |
| 005 |
Дата корректировки |
20140623152735.1 |
| 010 |
Индекс ISBN |
__ |
| a |
ISBN |
5-8041-0152-8 |
| 200 |
Заглавие и сведения об ответственности |
1_ |
| a |
Заглавие |
Судебно-бухгалтерская экспертиза |
| f |
Первые сведения об ответственности |
Белов Андрей Анатольевич, Белов Анатолий Николаевич |
| 210 |
Выходные данные |
1_ |
| a |
Место издания |
М. |
| c |
Издательство |
Кн.мир |
| d |
Дата издания |
2003 |
| 215 |
Физическое описание |
__ |
| a |
Объем |
605 с. |
| 610 |
Ключевые слова |
0_ |
| a |
Ключевые слова |
судебная бухгалтерия |
| 610 |
Ключевые слова |
0_ |
| a |
Ключевые слова |
судебная экспертиза |
| 610 |
Ключевые слова |
0_ |
| a |
Ключевые слова |
судебно-бухгалтерская экспертиза |
| 610 |
Ключевые слова |
0_ |
| a |
Ключевые слова |
бухгалтерский учет |
| 610 |
Ключевые слова |
0_ |
| a |
Ключевые слова |
учет выпуска и реализации продукции |
| 610 |
Ключевые слова |
0_ |
| a |
Ключевые слова |
учет денежных средств |
| 610 |
Ключевые слова |
0_ |
| a |
Ключевые слова |
учет доходов |
| 610 |
Ключевые слова |
0_ |
| a |
Ключевые слова |
учет затрат |
| 610 |
Ключевые слова |
0_ |
| a |
Ключевые слова |
учет капитальных вложений |
| 610 |
Ключевые слова |
0_ |
| a |
Ключевые слова |
учет материальных ценностей |
| 610 |
Ключевые слова |
0_ |
| a |
Ключевые слова |
учет нематериальных активов |
| 610 |
Ключевые слова |
0_ |
| a |
Ключевые слова |
учет основных средств (фондов) |
| 686 |
Индексы других классификаций |
__ |
| a |
Классификационный индекс |
67.629.341.3 |
| 2 |
Код системы |
rubbk |
| 686 |
Индексы других классификаций |
__ |
| a |
Классификационный индекс |
65.052.9(2)2 |
| 2 |
Код системы |
rubbk |
| 700 |
Автор |
_1 |
| a |
Фамилия |
Белов Андрей Анатольевич |
| 701 |
Альтернативная интеллектуальная ответственность |
_1 |
| a |
Фамилия |
Белов Анатолий Николаевич |
| 801 |
Источник записи |
_0 |
| a |
Страна |
RU |
| b |
Организация |
РУК |
| c |
Дата составления |
20041122 |
| g |
Правила каталогизации |
PSBO |
| 801 |
Источник записи |
_1 |
| a |
Страна |
RU |
| b |
Организация |
РУК |
| c |
Дата составления |
20041122 |
| g |
Правила каталогизации |
PSBO |
| 852 |
Данные о местонахождении |
__ |
| i |
Авторский знак |
Б43 |
| j |
Шифр хранения |
ББК 67 |
| 901 |
Тип документа |
__ |
| t |
Тип документа |
m |
| 938 |
Служебная информация |
__ |
| a |
Название организации |
Головной вуз |
| b |
Имя БД |
BOOK |
| c |
Название АИБС |
АИБС ИРБИС |